|
|
|
|
| LEADER |
02088nam a2200493 i 4500 |
| 001 |
nkc20233519634 |
| 003 |
CZ PrNK |
| 005 |
20231013071832.0 |
| 007 |
ta |
| 008 |
230505s2023 xr a e p 000 0 cze |
| 015 |
|
|
|a cnb003519634
|
| 020 |
|
|
|a 978-80-244-6204-2
|q (brožováno)
|
| 035 |
|
|
|a (OCoLC)1402155473
|
| 040 |
|
|
|a ABA001
|b cze
|d BOA001
|e rda
|
| 072 |
|
7 |
|a 616
|x Patologie. Klinická medicína
|2 Konspekt
|9 14
|
| 072 |
|
7 |
|a 37.016
|x Učební osnovy. Vyučovací předměty. Učebnice
|2 Konspekt
|9 22
|
| 080 |
|
|
|a 616-073
|2 MRF
|
| 080 |
|
|
|a 616-073.7+615.849
|2 MRF
|
| 080 |
|
|
|a (075.8)
|2 MRF
|
| 100 |
1 |
|
|a Vomáčka, Jaroslav
|7 xx0019033
|4 aut
|
| 245 |
1 |
0 |
|a Zobrazovací metody pro radiologické asistenty /
|c Jaroslav Vomáčka, Josef Nekula, Jiří Kozák
|
| 250 |
|
|
|a Třetí, doplněné vydání
|
| 264 |
|
1 |
|a Olomouc :
|b Univerzita Palackého v Olomouci,
|c 2023
|
| 300 |
|
|
|a 164 stran :
|b ilustrace (převážně barevné) ;
|c 29 cm
|
| 336 |
|
|
|a text
|b txt
|2 rdacontent
|
| 337 |
|
|
|a bez média
|b n
|2 rdamedia
|
| 338 |
|
|
|a svazek
|b nc
|2 rdacarrier
|
| 504 |
|
|
|a Obsahuje bibliografie
|
| 521 |
8 |
|
|a Studijní text určen pro studenty denního i kombinovaného studia oboru radiologický asistent, studentům lékařských fakult a lékařům zabývajícím se zobrazovacími metodami
|
| 650 |
0 |
7 |
|a diagnostické zobrazovací metody
|7 ph134757
|2 czenas
|
| 650 |
0 |
7 |
|a radiologie
|7 ph116011
|2 czenas
|
| 650 |
0 |
9 |
|a diagnostic imaging methods
|2 eczenas
|
| 650 |
0 |
9 |
|a radiology
|2 eczenas
|
| 655 |
|
7 |
|a učebnice vysokých škol
|7 fd133772
|2 czenas
|
| 655 |
|
9 |
|a textbooks (higher)
|2 eczenas
|
| 700 |
1 |
|
|a Nekula, Josef,
|d 1939-
|7 nlk19990073597
|4 aut
|
| 700 |
1 |
|
|a Kozák, Jiří
|7 jo2012739614
|4 aut
|
| 710 |
2 |
|
|a Univerzita Palackého
|7 kn20010709130
|4 isb
|
| 910 |
2 |
|
|a BOA001
|b 4-1511.761
|
| 990 |
|
|
|a BK
|
| 995 |
|
|
|a 01
|
| 991 |
|
|
|b 202309
|c NOV
|
| 996 |
6 |
|
|b 2610947809
|c 4-1511.761
|l MZK
|r Sklad / do 1 hodiny
|n 0
|p p.v.
|w 001937672
|u 000010
|a 1
|e BOA001
|j MZK50
|s P
|
| 996 |
7 |
|
|b 2610950826
|c 4-1511.761
|l Vol.výběr
|r VV 1p
|n 10
|p kup
|h 616-07 VOM
|w 001937672
|u 000020
|a 0
|e BOA001
|j MZK50
|s A
|